The development of a geographic database for military survey (Record no. 99240)

MARC details
000 -LEADER
fixed length control field 00641cam a2200193 4500
001 - CONTROL NUMBER
control field D11655
008 - FIXED-LENGTH DATA ELEMENTS--GENERAL INFORMATION
fixed length control field 090401t1985 xxu||||| |||| 00| 0 eng d
035 ## - SYSTEM CONTROL NUMBER
System control number (Sirsi) u98861
041 ## - LANGUAGE CODE
Language code of text/sound track or separate title eng
050 ## - LIBRARY OF CONGRESS CALL NUMBER
Classification number 526.0285
100 ## - MAIN ENTRY--PERSONAL NAME
Personal name Thompson, C.N.
245 #4 - TITLE STATEMENT
Title The development of a geographic database for military survey
260 ## - PUBLICATION, DISTRIBUTION, ETC.
Date of publication, distribution, etc. 1985
350 ## - PRICE (NR) (BK AM CF MU VM SE) [OBSOLETE]
Price 0
520 ## - SUMMARY, ETC.
Summary, etc. In: RICS Survey and mapping 85: the 2nd UK national land surveying and mapping conference and exhibition, University of Reading, 25 - 29 March 1985. (Paper C1). 1985/11 ABC. 2nd class no. 623.71
700 ## - ADDED ENTRY--PERSONAL NAME
Personal name Kennedy-Smith, G.M
942 ## - ADDED ENTRY ELEMENTS (KOHA)
Suppress in OPAC 0
948 ## - LOCAL PROCESSING INFORMATION (OCLC); SERIES PART DESIGNATOR (RLIN)
c (OCLC) 04/03/1997
Holdings
Withdrawn status Lost status Source of classification or shelving scheme Damaged status Not for loan Home library Current library Shelving location Date acquired Total Checkouts Full call number Barcode Date last seen Copy number Price effective from Koha item type
    Other/Generic Classification Scheme     London London RICS Boxes 13/08/1991   RICS 1985/11 30017228 06/08/2019 1 06/08/2019 Book
    Other/Generic Classification Scheme     London London RICS Boxes 13/08/1991   RICS 1985/11 30017148 06/08/2019 2 06/08/2019 Reference material